000 00355nam a2200145Ia 4500
008 230711s9999||||xx |||||||||||||| ||und||
041 _aENG
082 _a518
_bKU-C
100 _aKumar,N.S
245 0 _aComputer based numerical analysis
250 _a1st
260 _c1989
_aNew Delhi
_bKhanna Publishers
650 _aComputer Engineering
942 _cBK
999 _c1309
_d1309